000 00667cam a2200181 i 4500
005 20260127114450.0
008 250721s2023 jo gr 000 0 ara d
082 1 4 _a361.3
_bس ر و
100 1 _aالسروجي، طلعت مصطفى
_eمؤلف.
245 1 0 _aتقويم البرامج و المشروعات الاجتماعية /
_cأ.د. طلعت مصطفى السروجي.
250 _aالطبعة الاولى.
264 3 1 _aعمان :
_bدار الفكر،
_c2023.
300 _a277صفحة.
650 1 7 _aالخدمة الاجتماعية.
650 1 7 _aالمشروعات الاجتماعية.
942 _2ddc
_cBK
999 _c145573
_d145573